000 00587nam a2200229Ia 4500
003 OSt
005 20220928123034.0
006 a|||||r|||| 00| 0
007 ta
008 220927b |||||||| |||| 00| 0 eng d
024 _a58659
037 _cTextual
040 _aSDCL
_cSDCL
_beng
041 _2eng
_aeng
082 _aR625, N7
100 _aDixit Piyushkant
_9460002
245 0 _aVyapti saptaka sarah .
260 _aDelhi
_bNag Publishers
_c1997
300 _axix,326p.
_ccm.
942 _hR625, N7
_cTEXL
_2CC
999 _c773251
_d773251